| 000 | 00561nam a22001457a 4500 | ||
|---|---|---|---|
| 999 |
_c115026 _d115026 |
||
| 005 | 20191210114159.0 | ||
| 008 | 191210b ||||| |||| 00| 0 eng d | ||
| 040 | _cPK-LaUMT | ||
| 082 |
_a320.95491 _bZUL-M |
||
| 100 | _aZulfiqar Ali Bhutto = زوالفقار علی بھٹو | ||
| 245 |
_aMera Pakistan = میرا پاکستان : _bجیل میں لکھی گئی زوالفقار علی بھٹو کی پہلی تحریر / _cby Zulfiqar Ali Bhutto = زوالفقار علی بھٹو |
||
| 260 |
_aLahore : _bBook Home, _c2010 |
||
| 300 | _a200 p. | ||
| 942 | _cBK | ||